Riconosci lo Stato - Quiz n°172 - Statistics

Statistiche generali
  • Questo quiz è stato fatto 17 volte
  • Il punteggio medio è 12 su 13
Statistiche sulle risposte
Indizio Risposta % Corretto
ISU 0,576
93%
Indipendenza 1º gennaio 1960 dalla Francia
93%
Tasso di crescita 2,082%
93%
Popolazione 26 545 863 ab.
93%
PIL (nominale) 39,8 miliardi di Dollari statunitense
93%
Superficie 475 440 km²
93%
Valuta Franco CFA (CEMAC)
93%
Primo ministro Joseph Dion Ngute
93%
Fuso Orario UTC+1
93%
Iniziale della Capitale Y
93%
Risposta Camerun
87%
Presidente della Repubblica Paul Biya
87%
Forma di Governo Repubblica presidenziale (de iure) Dittatura (de facto)
87%
Nessun quiz corrispondente trovato
Distribuzione punteggi
Percentuale di utenti per punteggio
Percentile per numero di risposta
I tuoi punteggi nel tempo
Non hai fatto questo quiz